000 00782nam a2200301Ia 4500
001 18146
003 IT-RoPAU
008 130308s9999 xx 000 0 und d
040 _aIT-RoPAU
040 _cIT-RoPAU
041 _aFRANCESE
100 _aMichel Georges
100 _gCodice Aut. SPICS: 12878
245 _aElle et lui devant la Publicitè
245 _bUnivers des Signes (L')
250 _a1a ed.
260 _aPARIS
260 _bMasson Et Cie
260 _c1974 [1° Ed.:1974 - Ed.Ling.Originale:1963]
300 _a"4 p. (prefazione: no ; testo: 4 [pagine: 78-81])"
500 _aLei e Lui Davanti Alla Pubblicita'
650 _aSEGNOLOGIA
650 _eCodice materia Spics: 3001
942 _cBK
957 _71
999 _c38587
_d38587
999 _bSI
999 _g1